| 000 | 00727nam a2200229 a 4500 | ||
|---|---|---|---|
| 999 |
_c6359 _d6359 |
||
| 001 | 6359 | ||
| 003 | BD-JhCC | ||
| 005 | 20191031134007.0 | ||
| 008 | 171009s2011 bg |||| ||a| 001 0 ben d | ||
| 020 | _a9789842001642 | ||
| 035 | _a(BD-JhCC)6359 | ||
| 040 |
_aBD-JhCC _dBD-JhCC |
||
| 041 | _aben | ||
| 082 |
_a297.09 _bSHA 2011 |
||
| 100 | _aসাথী, সিরাজ উদ্দিন | ||
| 245 |
_aপবিত্র মক্কা নগরীর ইতিকথা / _cসিরাজ উদ্দিন সাথী |
||
| 260 |
_aঢাকা ; _bঅ্যডর্ন পাবলিকেশন, _c2011. |
||
| 300 |
_a124 p, : _c22 cm |
||
| 650 | _aHistory of Mecca | ||
| 942 |
_2ddc _cBK _05 |
||